Se Alessandro avesse avuto le staffe /

সংরক্ষণ করুন:
গ্রন্থ-পঞ্জীর বিবরন
প্রধান লেখক: Barbieri, Alinda (লেখক)
বিন্যাস: গ্রন্থ
ভাষা:ইতালিয়
প্রকাশিত: Roma : Il filo, 2007
মালা:Nuove voci. Terre
ট্যাগগুলো: ট্যাগ যুক্ত করুন
কোনো ট্যাগ নেই, প্রথমজন হিসাবে ট্যাগ করুন!

MARC

LEADER 00000nam a22000007i 4500
001 IT\ICCU\BVE\0449212
003 ItRI
005 20240627224019.0
008 071016s2007 it |||||| ||||| |||||c
020 |a 9788878427945 
040 |b ita  |c Arcigay Rimini 
041 7 |a ita  |2 ISO-639-2 
082 |a 853.92  |2 21 
100 1 |a Barbieri, Alinda  |0 IT\ICCU\BVEV\142293  |4 aut 
245 1 0 |a Se Alessandro avesse avuto le staffe /  |c Alinda Barbieri. 
260 |a Roma :  |b Il filo,  |c 2007 
300 |a 430 p. ;  |c 20 cm 
830 0 |a Nuove voci. Terre  |0 IT\ICCU\RMB\0596011 
942 |2 ddc  |c BK 
952 |0 0  |1 0  |2 ddc  |4 0  |6 853_920000000000000_BAR_ALE  |7 1  |9 1523  |a RN  |b RN  |d 2024-06-27  |l 0  |o 853.92 BAR ALE  |p 9272  |r 2024-06-27 22:41:24  |w 2024-06-27  |y BK 
981 1 |6 z01  |a i   |b xxxe  
982 1 |6 z01  |a n 
999 |c 1340  |d 1340